000 00638nam a2200229Ia 4500
003 OSt
005 20220928140615.0
006 a|||||r|||| 00| 0
007 ta
008 220927b |||||||| |||| 00| 0 eng d
024 _a9883
037 _cTextual
040 _aSDCL
_cSDCL
_beng
041 _2eng
_aeng
082 _aX:77.1'N7, L7
100 _aBrunner Karl
_9416679
245 0 _aInternational organization, national policies and economic development
260 _c1977
700 _a Meltzer Allan H
_9416680
942 _hX:77.1'N7, L7
_cTEXL
_2CC
999 _c812490
_d812490